Países con animales en su bandera nacional - Estadísticas

Estadísticas generales
  • Esta prueba ha sido intentada 30 veces
  • La puntuación promedio es 5 de 14
Estadísticas de respuestas
Respuesta % Correcto
Mexico
91%
Albania
82%
Ecuador
64%
Uganda
36%
Zambia
36%
Montenegro
32%
Belice
27%
Butan
27%
Papua Nueva Guinea
27%
Moldavia
23%
Dominica
18%
Serbia
18%
Kazajistan
14%
Fiyi
0%
No se encontraron pruebas coincidentes
Distribución de puntuación
Porcentaje de gente con cada puntuación
Porcentaje por número respondido
Historial de tus puntuaciones
No has intentado esta prueba.